[Event "CN Seniori 2012"]
[Site "Sarata Monteoru/Romania"]
[Date "2012.02.16"]
[Round "5.9"]
[White "Gilea, Lucian"]
[Black "Dumitrache, Dragos-Nicolae"]
[Result "1/2-1/2"]
[WhiteElo "2261"]
[BlackElo "2460"]
[PlyCount "91"]
[EventDate "2012.??.??"]
[TimeControl "40/5400+30:900+30"]

1. d4 c5 2. c3 e6 3. e4 d5 4. exd5 Qxd5 5. Nf3 Nf6 6. Be2 Nc6 7. O-O cxd4 8.
cxd4 Be7 9. Nc3 Qd6 10. Nb5 Qd8 11. Ne5 O-O 12. Nxc6 bxc6 13. Nc3 Nd5 14. Ne4
Qb6 15. Qa4 Rd8 16. Rd1 Nf6 17. Bf3 Bd7 18. Qc2 Be8 19. b3 Rac8 20. Be3 Nd5 21.
Nc5 Nxe3 22. fxe3 e5 23. Rac1 exd4 24. Rxd4 Rxd4 25. exd4 Rd8 26. Qc4 a5 27.
Re1 Kf8 28. Kh1 Qb4 29. Qxb4 axb4 30. Re4 g6 31. g3 h5 32. Kg2 Rd6 33. Nb7 Rd7
34. Nc5 Rd8 35. Kf1 Bf6 36. Na6 Be7 37. Nc5 Ra8 38. Re2 Bf6 39. Nd3 Rb8 40. Rc2
Bxd4 41. Bxc6 Bxc6 42. Rxc6 Bc3 43. Ra6 Rd8 44. Ke2 Re8+ 45. Kf2 Rd8 46. Ke2
1/2-1/2

[Event "CN Seniori 2012"]
[Site "Sarata Monteoru/Romania"]
[Date "2012.02.16"]
[Round "5.11"]
[White "Manea, Alexandru"]
[Black "Daianu, Cristian-Clement"]
[Result "1/2-1/2"]
[WhiteElo "2429"]
[BlackElo "2242"]
[PlyCount "50"]
[EventDate "2012.??.??"]
[TimeControl "40/5400+30:900+30"]

1. c4 Nf6 2. Nc3 d5 3. cxd5 Nxd5 4. Nf3 g6 5. Qa4+ Bd7 6. Qh4 Nf6 7. d4 h6 8.
e4 Bg7 9. Qf4 e6 10. Be2 Nc6 11. O-O g5 12. Qe3 Ng4 13. Qd3 e5 14. Nxe5 Ngxe5
15. dxe5 Nxe5 16. Qc2 O-O 17. Be3 Bc6 18. Nb5 Bxb5 19. Bxb5 c6 20. Be2 Qa5 21.
a3 Ng6 22. g3 Rfe8 23. Rab1 Rad8 24. Kg2 Bd4 25. Bd2 Qc5 1/2-1/2

[Event "CN Seniori 2012"]
[Site "Sarata Monteoru/Romania"]
[Date "2012.02.16"]
[Round "5.12"]
[White "Pop, Alexandru"]
[Black "Baratosi, Daniel"]
[Result "0-1"]
[WhiteElo "2254"]
[BlackElo "2418"]
[PlyCount "82"]
[EventDate "2012.??.??"]
[TimeControl "40/5400+30:900+30"]

1. e4 e5 2. Nf3 Nc6 3. Bb5 a6 4. Ba4 Nf6 5. O-O Be7 6. Re1 b5 7. Bb3 O-O 8. a4
b4 9. d3 d6 10. Nbd2 Re8 11. Nf1 Na5 12. Bc4 Nxc4 13. dxc4 a5 14. Ng3 Bf8 15.
h3 h6 16. Nh2 g6 17. Be3 Kh7 18. Qd2 Ba6 19. b3 Bb7 20. f3 c6 21. Ng4 Ng8 22.
Kf2 d5 23. cxd5 cxd5 24. h4 dxe4 25. Qxd8 Raxd8 26. Nxe4 Bxe4 27. fxe4 f5 28.
Nh2 f4 29. Bb6 Rd6 30. Bxa5 Ra6 31. Bc7 Rc6 32. Ba5 Ra8 33. Bxb4 Bxb4 34. Re2
Rd8 35. Nf3 Bc3 36. Rb1 Nf6 37. Nh2 Rd4 38. Kf3 Bb4 39. c4 Rd3+ 40. Kf2 Rcd6
41. Rc1 Bc5+ 0-1

[Event "CN Seniori 2012"]
[Site "Sarata Monteoru/Romania"]
[Date "2012.02.16"]
[Round "5.13"]
[White "Spulber, Cicirone"]
[Black "Anton, Teodor"]
[Result "1-0"]
[WhiteElo "2244"]
[BlackElo "2393"]
[PlyCount "103"]
[EventDate "2012.??.??"]
[TimeControl "40/5400+30:900+30"]

1. Nf3 c5 2. c4 Nf6 3. Nc3 e6 4. g3 b6 5. Bg2 Bb7 6. O-O Be7 7. d4 cxd4 8. Qxd4
O-O 9. Rd1 d6 10. Bg5 Nbd7 11. Rac1 a6 12. Qd2 Rc8 13. b3 Nc5 14. Bxf6 Bxf6 15.
b4 Ne4 16. Nxe4 Bxe4 17. Nd4 Bxg2 18. Kxg2 d5 19. c5 e5 20. Nb3 d4 21. Qd3 Bg5
22. Rc2 b5 23. Qe4 Qc7 24. Na5 Rfd8 25. Qb7 Qxb7+ 26. Nxb7 Rd7 27. c6 Rdc7 28.
Na5 Kf8 29. a3 Be7 30. e3 dxe3 31. fxe3 f6 32. Rcd2 Kf7 33. e4 Ke6 34. g4 g6
35. Rd3 Bf8 36. Rd8 Rxd8 37. Rxd8 Bh6 38. Re8+ Kd6 39. Rd8+ Ke7 40. Rh8 Be3 41.
Rxh7+ Kd6 42. Rxc7 Kxc7 43. h4 Bh6 44. Kf3 Kd6 45. h5 g5 46. Ke2 Bf8 47. Kd3
Bh6 48. Kc2 Kc7 49. Kb3 Bf8 50. a4 Kd6 51. Nb7+ Kxc6 52. Nc5 1-0

[Event "CN Seniori 2012"]
[Site "Sarata Monteoru/Romania"]
[Date "2012.02.16"]
[Round "5.14"]
[White "Prodileanu, Adrian"]
[Black "Dobre, Claudiu-Cristian"]
[Result "*"]
[WhiteElo "2204"]
[BlackElo "2354"]
[PlyCount "102"]
[EventDate "2012.??.??"]
[TimeControl "40/5400+30:900+30"]

1. c4 Nf6 2. g3 c6 3. Bg2 d5 4. Nf3 Bg4 5. Ne5 Be6 6. cxd5 Bxd5 7. Nf3 c5 8.
Nc3 Bc6 9. O-O e6 10. d3 Nbd7 11. e4 e5 12. Nh4 Qb6 13. Rb1 h5 14. Nf5 Qa6 15.
a3 Bb5 16. b4 cxb4 17. axb4 Rc8 18. Nxb5 Qxb5 19. d4 g6 20. dxe5 Nxe5 21. Nd6+
Bxd6 22. Qxd6 Nfd7 23. Rd1 Qc6 24. Qxc6 bxc6 25. f4 Nc4 26. Bh3 Rc7 27. Rd4
Ncb6 28. Bb2 O-O 29. Rbd1 c5 30. Rd6 Nb8 31. Rc1 Na6 32. b5 Nb8 33. Ba3 c4 34.
e5 c3 35. e6 Nc4 36. Rxc3 Nxa3 37. Rxc7 Nxb5 38. exf7+ Kg7 39. Rdd7 Nxd7 40.
Rxd7 Rxf7 41. Kf2 Rxd7 42. Bxd7 Nd6 43. Kf3 Kf6 44. h3 Nb7 45. Ke3 Nc5 46. Bb5
a5 47. Kd4 Ne6+ 48. Ke3 Nc5 49. Kd4 Ne6+ 50. Ke3 Nc7 51. Bc6 Ne6 {1/2-1/2
Prodileanu,A (2204)-Dobre,C (2354)/(null) 2012} *

[Event "CN Seniori 2012"]
[Site "Sarata Monteoru/Romania"]
[Date "2012.02.16"]
[Round "5.15"]
[White "Miroiu, George-Catalin"]
[Black "Dobre, Mihai"]
[Result "1/2-1/2"]
[WhiteElo "2342"]
[BlackElo "1975"]
[PlyCount "89"]
[EventDate "2012.??.??"]
[TimeControl "40/5400+30:900+30"]

1. d4 d5 2. c4 e6 3. Nf3 Be7 4. g3 Nf6 5. Bg2 O-O 6. O-O dxc4 7. Qa4 a6 8. Qxc4
b5 9. Qc2 Bb7 10. Bd2 Nbd7 11. Ba5 Nb6 12. Nbd2 Rc8 13. b4 Re8 14. Rfd1 g6 15.
Rac1 Bf8 16. e3 Nfd7 17. Nb3 Nc4 18. a4 Bh6 19. axb5 axb5 20. Qe2 Qe7 21. Nfd2
Bxg2 22. Kxg2 Ndb6 23. Bxb6 cxb6 24. Nxc4 bxc4 25. Rxc4 Rxc4 26. Qxc4 Qb7+ 27.
Kg1 Rc8 28. Qd3 Bf8 29. b5 Bb4 30. Rc1 Rxc1+ 31. Nxc1 Qc7 32. Ne2 Kf8 33. h4 h5
34. Kg2 Kg7 35. Qb3 Be7 36. Qc3 Qxc3 37. Nxc3 Bb4 38. Na4 Ba5 39. Nb2 Kf6 40.
Nc4 Ke7 41. Kf3 Kd8 42. Ke2 Kc7 43. Ne5 f6 44. Nxg6 Kd6 45. g4 1/2-1/2

[Event "CN Seniori 2012"]
[Site "Sarata Monteoru/Romania"]
[Date "2012.02.16"]
[Round "5.16"]
[White "Bida, Mihai-Eugen"]
[Black "Miron, Lucian-Costin"]
[Result "0-1"]
[WhiteElo "2183"]
[BlackElo "2525"]
[PlyCount "130"]
[EventDate "2012.??.??"]
[TimeControl "40/5400+30:900+30"]

1. e4 e5 2. Nf3 Nc6 3. Bb5 a6 4. Ba4 Nge7 5. O-O g6 6. c3 Bg7 7. d4 b5 8. Bb3
exd4 9. cxd4 O-O 10. Nc3 d6 11. h3 Na5 12. Bc2 c5 13. dxc5 dxc5 14. Qxd8 Rxd8
15. Bg5 Re8 16. Rad1 Be6 17. e5 Nec6 18. Rfe1 Nc4 19. Be4 Rac8 20. Bxc6 Rxc6
21. b3 Nb6 22. Be3 h6 23. Ne4 Nd7 24. Rc1 Rec8 25. Red1 a5 26. Rd6 Bf8 27. Rxc6
Rxc6 28. Nc3 Rb6 29. Ne4 Rc6 30. Nc3 b4 31. Na4 Bd5 32. Nd2 Nxe5 33. Nxc5 Nd7
34. Nd3 Rxc1+ 35. Nxc1 Ne5 36. Bb6 Nc6 37. Ne2 f5 38. Nd4 Nxd4 39. Bxd4 Kf7 40.
f4 Bd6 41. g3 g5 42. Be3 gxf4 43. gxf4 Ke6 44. Kf2 Kd7 45. Nf3 Be4 46. Nd2 Bd3
47. Kf3 Kc6 48. Ba7 Bc2 49. Ke3 Kb5 50. Bd4 Bc5 51. Bxc5 Kxc5 52. h4 h5 53. Nc4
a4 54. Na5 a3 55. Kd2 Bb1 56. Kc1 Bxa2 57. Kc2 Kd5 58. Nc4 Ke4 59. Nb6 Kxf4 60.
Nd5+ Kg3 61. Nxb4 Bxb3+ 62. Kxb3 Kxh4 63. Kxa3 Kg3 64. Nd5 h4 65. Ne3 f4 0-1

[Event "CN Seniori 2012"]
[Site "Sarata Monteoru/Romania"]
[Date "2012.02.16"]
[Round "5.17"]
[White "Stegariu, Alexandru"]
[Black "Bonte, Andrei-Mihai"]
[Result "1/2-1/2"]
[WhiteElo "2122"]
[BlackElo "2380"]
[PlyCount "55"]
[EventDate "2012.??.??"]
[TimeControl "40/5400+30:900+30"]

1. d4 d5 2. c4 e6 3. Nc3 Be7 4. Nf3 Nf6 5. e3 O-O 6. b3 b6 7. Bd3 Bb7 8. O-O c5
9. Bb2 dxc4 10. bxc4 cxd4 11. exd4 Nc6 12. Rc1 Rc8 13. Re1 Na5 14. Ne5 g6 15.
Qe2 Nh5 16. g3 Bf6 17. Ne4 Bg7 18. Ba3 Qxd4 19. Nd6 Bxe5 20. Nxc8 Rxc8 21. Qxe5
Qxd3 22. Bb2 Kf8 23. Rcd1 Qf3 24. Qd6+ Ke8 25. Qd7+ Kf8 26. Qd6+ Ke8 27. Qe5
Ke7 28. Qh8 1/2-1/2

[Event "CN Seniori 2012"]
[Site "Sarata Monteoru/Romania"]
[Date "2012.02.16"]
[Round "5.18"]
[White "Balla, Tamas-Kristof"]
[Black "Toma, Radu-Cristian"]
[Result "1/2-1/2"]
[WhiteElo "2377"]
[BlackElo "2052"]
[PlyCount "143"]
[EventDate "2012.??.??"]
[TimeControl "40/5400+30:900+30"]

1. f4 c5 2. Nf3 Nc6 3. g3 g6 4. Bg2 Bg7 5. d3 e6 6. e4 d6 7. c3 Nge7 8. O-O O-O
9. Be3 f5 10. h3 Rb8 11. Qe2 b5 12. a3 a5 13. Nbd2 b4 14. axb4 axb4 15. Rfc1
Bd7 16. Nc4 Qc7 17. e5 d5 18. Nd6 bxc3 19. bxc3 Na5 20. Ra3 Nc8 21. Qa2 Nb7 22.
Nxb7 Rxb7 23. Ra5 Rb5 24. Rxb5 Bxb5 25. c4 dxc4 26. dxc4 Bc6 27. Qf2 Rd8 28.
Bxc5 Rd3 29. Be3 Bf8 30. Bf1 Ra3 31. Nd4 Bc5 32. Nxf5 gxf5 33. Bxc5 Rf3 34. Qd4
Rxg3+ 35. Kh2 Rg7 36. Rd1 Rd7 37. Bd6 Qb7 38. Rd3 Ne7 39. Rg3+ Ng6 40. h4 Rg7
41. Qf2 h5 42. Rg5 Qb1 43. c5 Qc1 44. Bg2 Bxg2 45. Rxg2 Nxf4 46. Rxg7+ Kxg7 47.
c6 Nd5 48. Qg1+ Qxg1+ 49. Kxg1 f4 50. c7 Nb6 51. Kf2 Kg6 52. Kf3 Kf5 53. Bc5
Nc8 54. Bd4 Ne7 55. Bb2 Nc8 56. Bc1 Kxe5 57. Bxf4+ Kf5 58. Ke3 e5 59. Bg5 Nd6
60. Be7 Nc8 61. Bd8 Nd6 62. Bg5 Nc8 63. Kf3 Nd6 64. Be7 Nc8 65. Bb4 Nb6 66. Bc5
Nc8 67. Ba3 Nb6 68. Bb4 Nc8 69. Ke3 Kg4 70. Ke4 Kxh4 71. Kxe5 Kg4 72. Be1
1/2-1/2

[Event "CN Seniori 2012"]
[Site "Sarata Monteoru/Romania"]
[Date "2012.02.16"]
[Round "5.19"]
[White "Stanciu, Alexandru-Ovidiu"]
[Black "Malureanu, Costin-George"]
[Result "1/2-1/2"]
[WhiteElo "2314"]
[BlackElo "2139"]
[PlyCount "182"]
[EventDate "2012.??.??"]

1. d4 d5 2. c4 e6 3. Nc3 Nf6 4. Bg5 Nbd7 5. Nf3 Bb4 6. cxd5 exd5 7. e3 c5 8.
Bd3 Qa5 9. O-O O-O 10. Nxd5 Nxd5 11. a3 h6 12. Bh4 cxd4 13. axb4 Qxb4 14. Nxd4
Ne5 15. Be4 Nb6 16. Bg3 Re8 17. Qh5 Nc6 18. Bxc6 bxc6 19. Nxc6 Qxb2 20. Rfb1
Qf6 21. Nd4 Bb7 22. Ra5 Qe7 23. Re5 Qd7 24. Ra5 Qe7 25. Rba1 Qe4 26. Qf3 Qxf3
27. Nxf3 a6 28. Nd4 Rac8 29. h3 Nc4 30. R5a4 a5 31. Nb3 Bd5 32. Nxa5 Nxa5 33.
Rxa5 Ra8 34. Bf4 Rec8 35. Rxa8 Rxa8 36. Rd1 Be6 37. g4 h5 38. f3 hxg4 39. hxg4
Ra2 40. Bg3 Kh7 41. Bf2 g5 42. Kg2 Kg6 43. Kg3 Ra3 44. Rd6 Kf6 45. Rb6 Rb3 46.
Ra6 Kg7 47. Ra5 Kg6 48. Ra8 Kg7 49. Rd8 Ra3 50. Rd6 Kh7 51. Rd4 Kg6 52. Rd6 Kh7
53. Rc6 Kg7 54. e4 Ra5 55. Bd4+ Kg6 56. Rb6 Ra8 57. Bb2 Rc8 58. Ba3 Ra8 59. Bb4
Rc8 60. Be7 Rc7 61. Bd6 Rc8 62. Bb4 Ra8 63. Bd2 Ra2 64. Rd6 Rc2 65. Be3 Rc3 66.
Bb6 Rc8 67. Bd8 Ra8 68. e5 Rc8 69. Bb6 Ra8 70. Be3 Ra3 71. Bc1 Ra8 72. Bd2 Rc8
73. Bb4 Ra8 74. Rb6 Rc8 75. Bd6 Ra8 76. Be7 Rc8 77. Bf6 Ra8 78. Rd6 Rc8 79. Rd3
Rc6 80. Kf2 Rc1 81. Rd6 Rc8 82. Rd1 Rc3 83. Rd2 Rc6 84. Ke3 Rc3+ 85. Ke4 Rc4+
86. Kd3 Ra4 87. Be7 Ra5 88. Ke4 Ra4+ 89. Ke3 Ra5 90. Bf6 Ra3+ 91. Ke4 Ra4+
1/2-1/2

[Event "CN Seniori 2012"]
[Site "Sarata Monteoru/Romania"]
[Date "2012.02.16"]
[Round "5.20"]
[White "Craciun, Ovidiu"]
[Black "Ciobanu, Aurelian"]
[Result "1-0"]
[WhiteElo "2060"]
[BlackElo "2276"]
[PlyCount "67"]
[EventDate "2012.??.??"]

1. e4 g6 2. d4 Bg7 3. Nc3 d6 4. f4 a6 5. Be2 b5 6. a3 Nd7 7. Nf3 c5 8. Be3 Bb7
9. e5 Nh6 10. e6 fxe6 11. Ng5 Nf8 12. dxc5 Nf5 13. Bf2 Bxg2 14. Rg1 Bb7 15. Bf3
Qc7 16. Bxb7 Qxb7 17. Qe2 b4 18. axb4 Nd4 19. Bxd4 Bxd4 20. O-O-O Qxb4 21. Qe4
Rc8 22. Rxd4 Qxc5 23. Re1 e5 24. fxe5 Nd7 25. Rd5 Qc4 26. exd6 Qxe4 27. Rxe4 e5
28. Rd1 O-O 29. Nd5 Kh8 30. Ne7 Rb8 31. Rh4 Kg7 32. Rxh7+ Kf6 33. Ne4+ Ke6 34.
Nxg6 1-0

[Event "CN Seniori 2012"]
[Site "Sarata Monteoru/Romania"]
[Date "2012.02.16"]
[Round "5.22"]
[White "Lupascu, Matei-Alexandru"]
[Black "Pribeanu, Mihail-Dacian"]
[Result "1-0"]
[WhiteElo "1979"]
[BlackElo "2186"]
[PlyCount "92"]
[EventDate "2012.??.??"]

1. d4 c5 2. d5 Nf6 3. c4 d6 4. Nc3 e6 5. e4 exd5 6. cxd5 g6 7. f4 Bg7 8. Bb5+
Nfd7 9. a4 O-O 10. Nf3 Na6 11. O-O Nc7 12. Bd3 a6 13. Re1 Re8 14. a5 b5 15.
axb6 Nxb6 16. h3 Bd7 17. Bd2 Bb5 18. Qc2 Rb8 19. Rad1 Bc4 20. b3 Bxd3 21. Qxd3
Nd7 22. Ne2 Rb7 23. Nc1 Nb5 24. Kh1 Qb8 25. Ba5 Nf6 26. g4 Rbe7 27. e5 Nd7 28.
e6 fxe6 29. dxe6 Nf6 30. f5 gxf5 31. Qxf5 Rf8 32. Ng5 Qb7+ 33. Kg1 Nd4 34. Rxd4
cxd4 35. Nf7 Qd5 36. Bb4 Rfe8 37. Nxd6 Rxe6 38. Qxd5 Nxd5 39. Nxe8 Rxe1+ 40.
Bxe1 Be5 41. Nd3 Bb8 42. g5 Kf7 43. Nf6 Nxf6 44. gxf6 Kxf6 45. Kg2 Kf5 46. Kf3
Bh2 1-0

[Event "CN Seniori 2012"]
[Site "Sarata Monteoru/Romania"]
[Date "2012.02.16"]
[Round "5.24"]
[White "Pessi, Emil-George"]
[Black "David, Alexandru-Vasile"]
[Result "1/2-1/2"]
[WhiteElo "2272"]
[BlackElo "1968"]
[PlyCount "76"]
[EventDate "2012.??.??"]

1. e4 c5 2. f4 d5 3. exd5 Nf6 4. Bb5+ Bd7 5. Bxd7+ Qxd7 6. c4 e6 7. Qe2 Bd6 8.
Nf3 O-O 9. Ne5 Qe7 10. Nc3 exd5 11. O-O d4 12. Nb5 Bxe5 13. Qxe5 Nc6 14. Qxe7
Nxe7 15. b4 a6 16. Nd6 cxb4 17. Nxb7 Nf5 18. Na5 Rfe8 19. Rb1 Re2 20. Rxb4 h5
21. c5 Ng4 22. h3 Ng3 23. hxg4 Nxf1 24. Kxf1 Rae8 25. gxh5 Re1+ 26. Kf2 Rxc1
27. Nb3 Rc2 28. Ra4 Re6 29. Kf3 d3 30. f5 Re5 31. g4 f6 32. Rxa6 Kh7 33. Rd6
Rxa2 34. Rxd3 Rc2 35. Rd6 Rb2 36. Rd3 Rc2 37. Kf4 Rc4+ 38. Kf3 Rc2 1/2-1/2

[Event "CN Seniori 2012"]
[Site "Sarata Monteoru/Romania"]
[Date "2012.02.16"]
[Round "5.25"]
[White "Paval, George"]
[Black "Fugulyan, Grigore"]
[Result "1/2-1/2"]
[WhiteElo "2229"]
[BlackElo "1958"]
[PlyCount "93"]
[EventDate "2012.??.??"]

1. b3 e5 2. Bb2 d6 3. e3 Nf6 4. d4 exd4 5. Qxd4 Nc6 6. Bb5 Bd7 7. Bxc6 Bxc6 8.
Nf3 Qd7 9. Nbd2 Qg4 10. Qxg4 Nxg4 11. Nd4 Bd7 12. h3 Ne5 13. O-O-O Nc6 14. Nb5
O-O-O 15. Nc3 f5 16. Nf3 Rg8 17. Nd5 Re8 18. c4 Ne7 19. Nf4 Nc6 20. h4 Ne5 21.
Nd5 Nxf3 22. gxf3 c6 23. Nf4 Kc7 24. Rdg1 g6 25. Nh5 Be7 26. Nf6 Bxf6 27. Bxf6
Re6 28. Bg5 c5 29. Bf4 Bc6 30. Rh3 h5 31. Rhg3 a6 32. Kd2 b5 33. Rc1 Kb6 34.
Ke2 d5 35. Rgg1 dxc4 36. bxc4 bxc4 37. Rb1+ Ka7 38. Rgc1 Bb5 39. Ke1 Rd8 40. a4
Bxa4 41. Rxc4 Bb5 42. Rxc5 Kb6 43. Rbc1 Rc6 44. Rxc6+ Bxc6 45. Be5 Rd3 46. Bd4+
Kb7 47. Rb1+ 1/2-1/2

[Event "CN Seniori 2012"]
[Site "Sarata Monteoru/Romania"]
[Date "2012.02.16"]
[Round "5.26"]
[White "Gheorghiu, Calin"]
[Black "Baciu, Stefan"]
[Result "0-1"]
[WhiteElo "2003"]
[BlackElo "2222"]
[PlyCount "74"]
[EventDate "2012.??.??"]

1. e4 d6 2. d4 Nf6 3. Nc3 g6 4. Be3 c6 5. Nf3 Bg7 6. Qd2 Qa5 7. Bd3 Bg4 8. h3
Bxf3 9. gxf3 Nbd7 10. f4 a6 11. e5 Nd5 12. Ne4 Qc7 13. h4 h6 14. O-O-O O-O-O
15. Kb1 Nf8 16. Rhg1 Ne6 17. h5 dxe5 18. fxe5 g5 19. Ng3 Kb8 20. Nf5 Bf8 21.
Be4 Nef4 22. Ng3 e6 23. c4 Nb6 24. b3 c5 25. Bxf4 Rxd4 26. Qe3 gxf4 27. Qxf4
Bg7 28. Rxd4 Bxe5 29. Qf3 Bxd4 30. Ne2 Be5 31. Qe3 Nc8 32. f4 Bf6 33. Bh1 Nd6
34. Qf3 Qb6 35. Nc3 Nxc4 36. Qd3 Na3+ 37. Kc1 c4 0-1

[Event "CN Seniori 2012"]
[Site "Sarata Monteoru/Romania"]
[Date "2012.02.16"]
[Round "5.28"]
[White "Stegariu, Vlad-Ionut"]
[Black "Tiron, Calin-Andrei"]
[Result "1-0"]
[WhiteElo "2202"]
[BlackElo "1856"]
[PlyCount "61"]
[EventDate "2012.??.??"]

1. d4 e6 2. c4 Nf6 3. Nf3 Bb4+ 4. Nbd2 b6 5. a3 Bxd2+ 6. Qxd2 Bb7 7. e3 O-O 8.
Bd3 Ne4 9. Qc2 f5 10. O-O d6 11. Nd2 Nxd2 12. Bxd2 Qg5 13. f3 Rf6 14. Rf2 Rg6
15. d5 Rf6 16. Bc3 Rf8 17. dxe6 Nc6 18. f4 Qg6 19. e4 Ne7 20. Re1 Rae8 21. h3
h5 22. exf5 Nxf5 23. Be4 Bxe4 24. Qxe4 Qh6 25. g4 hxg4 26. hxg4 Qg6 27. Rg2 Nh4
28. Qxg6 Nxg6 29. f5 Nf4 30. Rg3 Re7 31. Bd2 1-0

[Event "CN Seniori 2012"]
[Site "Sarata Monteoru/Romania"]
[Date "2012.02.16"]
[Round "5.29"]
[White "Ursan, Cornel-Marius"]
[Black "Senetia, Teodor"]
[Result "1/2-1/2"]
[WhiteElo "1990"]
[BlackElo "2198"]
[PlyCount "106"]
[EventDate "2012.??.??"]

1. e4 c5 2. Nf3 d6 3. d4 cxd4 4. Nxd4 Nf6 5. Nc3 Nc6 6. Bc4 Qb6 7. Nb3 e6 8.
O-O Be7 9. Be3 Qc7 10. f3 a6 11. a4 Bd7 12. a5 Nb4 13. Be2 d5 14. Bb6 Qb8 15.
Bd3 dxe4 16. fxe4 Nxd3 17. cxd3 e5 18. Qf3 O-O 19. Nc5 Qd6 20. Nxd7 Nxd7 21.
Bf2 Rac8 22. Nd5 Nf6 23. Nxe7+ Qxe7 24. Bh4 Qc5+ 25. Kh1 Rc6 26. h3 Re6 27.
Rfc1 Qb5 28. Qe2 h6 29. Bf2 Rd8 30. Ra3 Rc6 31. Rxc6 Qxc6 32. Bb6 Qc1+ 33. Kh2
Rc8 34. Be3 Qb1 35. Rc3 Rxc3 36. bxc3 Qa1 37. Bb6 Qxc3 38. Qf3 Nd7 39. Bd8 Nc5
40. Qg3 Qxd3 41. Qxe5 Ne6 42. Bb6 Qd7 43. Qf5 Qd2 44. Qd5 Qxd5 45. exd5 Nf8 46.
Kg3 Nd7 47. Bd4 Kf8 48. Kf4 g6 49. g4 Ke7 50. Ke4 Nf6+ 51. Ke5 Ne8 52. Be3 f6+
53. Kd4 h5 1/2-1/2

[Event "CN Seniori 2012"]
[Site "Sarata Monteoru/Romania"]
[Date "2012.02.16"]
[Round "5.30"]
[White "Horvat, Dan-Sebastian"]
[Black "Carapit, Vasile"]
[Result "1-0"]
[WhiteElo "2197"]
[BlackElo "1849"]
[PlyCount "71"]
[EventDate "2012.??.??"]

1. e4 e6 2. d4 d5 3. Nd2 dxe4 4. Nxe4 Nf6 5. Bd3 Nbd7 6. Nf3 h6 7. Qe2 Nxe4 8.
Bxe4 Be7 9. Be3 c6 10. O-O-O Nf6 11. Bd3 Nd5 12. Kb1 Nxe3 13. fxe3 Qc7 14. Rhf1
Bd6 15. Qf2 Qe7 16. e4 Bd7 17. e5 Bc7 18. Nd2 Rf8 19. Qg3 g5 20. Qh3 O-O-O 21.
Ne4 Be8 22. c3 Rh8 23. Rf6 Qf8 24. Rdf1 Qg7 25. Be2 Rd5 26. Bc4 Rd7 27. b4 b5
28. Bd3 h5 29. a4 g4 30. Qe3 Rd5 31. c4 bxc4 32. Bxc4 Qh7 33. Kb2 Bd8 34. Bxd5
cxd5 35. Nd6+ Kd7 36. Rxf7+ 1-0

[Event "CN Seniori 2012"]
[Site "Sarata Monteoru/Romania"]
[Date "2012.02.16"]
[Round "5.31"]
[White "Gulie, Cosmin"]
[Black "Deac, Bogdan-Daniel"]
[Result "0-1"]
[WhiteElo "2133"]
[BlackElo "1795"]
[PlyCount "100"]
[EventDate "2012.??.??"]

1. e4 e6 2. d4 d5 3. exd5 exd5 4. c3 Bd6 5. Bd3 Ne7 6. Nf3 Nbc6 7. O-O Bg4 8.
h3 Bh5 9. Bg5 f6 10. Be3 Bg6 11. Re1 Qd7 12. Qc2 O-O-O 13. Nbd2 Bxd3 14. Qxd3
g5 15. Nb3 g4 16. hxg4 Qxg4 17. Nc5 Bxc5 18. dxc5 Rdg8 19. Kf1 Nf5 20. Nd4
Ncxd4 21. Bxd4 Qxg2+ 22. Ke2 Qg5 23. Kd1 Nxd4 24. Qxd4 Qf5 25. c6 bxc6 26. Kc1
Rg2 27. Rf1 Re8 28. Kd2 Qf3 29. Rae1 Rxe1 30. Rxe1 Qxf2+ 31. Qxf2 Rxf2+ 32. Kc1
h5 33. Rh1 Rf5 34. Kc2 Kd7 35. Kb3 c5 36. Ka4 Kc6 37. Ka5 d4 38. cxd4 cxd4+ 39.
Kb4 Rd5 40. Rf1 d3 41. Rxf6+ Rd6 42. Rf1 d2 43. Rd1 h4 44. Kc3 h3 45. Kc2 h2
46. b3 Kd7 47. a3 Ke6 48. a4 Ke5 49. a5 Ke4 50. b4 Kf3 0-1

[Event "CN Seniori 2012"]
[Site "Sarata Monteoru/Romania"]
[Date "2012.02.16"]
[Round "5.32"]
[White "Neagu, Mihai-Cosmin"]
[Black "Neagu, Liviu"]
[Result "0-1"]
[WhiteElo "1918"]
[BlackElo "2122"]
[PlyCount "46"]
[EventDate "2012.??.??"]

1. c4 Nf6 2. g3 e5 3. Nc3 Bc5 4. Bg2 Nc6 5. e3 O-O 6. Nge2 Re8 7. d3 d6 8. a3
a5 9. O-O Bg4 10. b3 Qd7 11. Re1 Qf5 12. Ne4 Nxe4 13. Bxe4 Qh5 14. h4 Re6 15.
Kg2 Rf6 16. f4 exf4 17. gxf4 Rh6 18. Ra2 Qxh4 19. Rh1 Bh3+ 20. Kf3 Rg6 21. Rh2
Bg4+ 22. Kg2 Bxe2+ 23. Kh1 Qxh2+ 0-1

[Event "CN Seniori 2012"]
[Site "Sarata Monteoru/Romania"]
[Date "2012.02.16"]
[Round "5.33"]
[White "Motounu, Vlad-Stefan"]
[Black "Telea, Stefan"]
[Result "0-1"]
[WhiteElo "1888"]
[BlackElo "2112"]
[PlyCount "50"]
[EventDate "2012.??.??"]

1. d4 Nf6 2. Nf3 e6 3. c4 c5 4. Nc3 cxd4 5. Nxd4 a6 6. a3 d5 7. cxd5 Nxd5 8. e4
Nxc3 9. bxc3 e5 10. Nc2 Qc7 11. Bb2 Bc5 12. Nb4 Be6 13. Be2 O-O 14. O-O Rd8 15.
Nd5 Qd6 16. Qc2 Nc6 17. Rfd1 Qf8 18. Rd3 Rd7 19. Rad1 Rad8 20. c4 Nd4 21. Bxd4
Bxd4 22. g4 Qc5 23. Bf1 Bxg4 24. Nf6+ gxf6 25. Rg3 Bxf2+ 0-1

[Event "CN Seniori 2012"]
[Site "Sarata Monteoru/Romania"]
[Date "2012.02.16"]
[Round "5.35"]
[White "Bratu, Gheorghe"]
[Black "Manole, Stefan"]
[Result "0-1"]
[WhiteElo "1876"]
[BlackElo "2082"]
[PlyCount "72"]
[EventDate "2012.??.??"]

1. e4 c6 2. d4 d5 3. Nc3 dxe4 4. Nxe4 Bf5 5. Ng3 Bg6 6. Nf3 Nd7 7. Bd3 e6 8.
O-O Ngf6 9. Re1 Be7 10. Bg5 Bxd3 11. Qxd3 O-O 12. Rad1 h6 13. Bxf6 Nxf6 14. Ne4
Nxe4 15. Rxe4 Qc7 16. c3 Rad8 17. Qc2 c5 18. Re2 c4 19. a3 Bf6 20. Ne5 Rd5 21.
Rde1 b5 22. f4 a5 23. Re3 Rfd8 24. Rh3 b4 25. axb4 axb4 26. g4 Bxe5 27. fxe5
Qe7 28. Rh5 Ra8 29. h4 bxc3 30. bxc3 Rda5 31. g5 Qb7 32. gxh6 Ra2 33. Qe4 Qb2
34. h7+ Kh8 35. Qf3 Qd2 36. Rb1 Rb2 0-1

[Event "CN Seniori 2012"]
[Site "Sarata Monteoru/Romania"]
[Date "2012.02.16"]
[Round "5.36"]
[White "Martian, Dragos-Daniel"]
[Black "Ionita, Ioan"]
[Result "1-0"]
[WhiteElo "2074"]
[BlackElo "1720"]
[PlyCount "41"]
[EventDate "2012.??.??"]

1. e4 c5 2. Nc3 Nc6 3. f4 g6 4. Nf3 Bg7 5. Bb5 Nd4 6. Bc4 e6 7. O-O Ne7 8. e5
Nec6 9. Ne4 Qb6 10. Nd6+ Ke7 11. d3 Na5 12. c3 Nxf3+ 13. Qxf3 Qc6 14. Qf2 a6
15. Qh4+ f6 16. Ne4 Rf8 17. f5 gxf5 18. exf6+ Bxf6 19. Nxf6 Kf7 20. Rxf5 d5 21.
Qxh7# 1-0

[Event "CN Seniori 2012"]
[Site "Sarata Monteoru/Romania"]
[Date "2012.02.16"]
[Round "5.37"]
[White "Tudose, Cristian"]
[Black "Popescu, Daniel-Vasilica"]
[Result "1-0"]
[WhiteElo "1854"]
[BlackElo "2069"]
[PlyCount "93"]
[EventDate "2012.??.??"]

1. e4 c5 2. Nc3 Nc6 3. g3 e6 4. Bg2 Nf6 5. d3 a6 6. Nge2 b5 7. Bg5 Be7 8. Qd2
h6 9. Bxf6 Bxf6 10. f4 Bb7 11. e5 Be7 12. Ne4 d5 13. exd6 Bxd6 14. O-O f5 15.
Nxd6+ Qxd6 16. c3 O-O-O 17. Rad1 Rd7 18. Qe3 Rhd8 19. d4 Qe7 20. a3 Na5 21.
Bxb7+ Kxb7 22. b4 Nc4 23. Qf3+ Kc7 24. bxc5 Rd5 25. Nc1 g5 26. Nd3 g4 27. Qe2
h5 28. Rf2 h4 29. a4 Ra8 30. axb5 axb5 31. Rb1 Ra5 32. Rff1 Rd8 33. Ne5 Nxe5
34. Qxe5+ Kc6 35. c4 Qd7 36. cxb5+ Rxb5 37. Rxb5 Kxb5 38. Rb1+ Ka4 39. Ra1+ Kb5
40. Qe2+ Kc6 41. Ra6+ Kd5 42. Rd6+ Qxd6 43. cxd6 Kxd6 44. gxh4 Rc8 45. h5 Rc3
46. Qe5+ Kd7 47. d5 1-0

[Event "CN Seniori 2012"]
[Site "Sarata Monteoru/Romania"]
[Date "2012.02.16"]
[Round "5.39"]
[White "Iordachescu, Sorin-Emanuel"]
[Black "Adoamnei, Roxana"]
[Result "0-1"]
[WhiteElo "1876"]
[BlackElo "2005"]
[PlyCount "64"]
[EventDate "2012.??.??"]

1. d4 c5 2. d5 e5 3. e4 d6 4. c4 Be7 5. Nc3 Bg5 6. Nf3 Bxc1 7. Qxc1 Bg4 8. Be2
Bxf3 9. Bxf3 Nd7 10. O-O h5 11. Be2 g5 12. Qd1 Ngf6 13. a3 a5 14. Qa4 Ke7 15.
Qc2 Qg8 16. Nd1 Qg6 17. Ne3 Ne8 18. Nf5+ Kf8 19. b4 Ng7 20. Qa4 Nxf5 21. Qxd7
Nd4 22. Bd3 Kg7 23. bxc5 Nb3 24. cxd6 Nc5 25. Qc7 Nxd3 26. d7 Qxe4 27. Rab1 h4
28. Rxb7 h3 29. f3 Qe3+ 30. Kh1 hxg2+ 31. Kxg2 Qd2+ 32. Kg3 Qf4+ 0-1